000 01005cam a2200337 a 4500
001 3996
003 FISKH
005 20240529141550.0
008 100616r20111998nyua b 000 1 eng
010 _a 2010021137
020 _a9780545223232 (pbk.)
020 _a9780590108119
040 _aDLC
_cDLC
_dDLC
_beng
042 _alcac
050 0 0 _aPZ7.B7633
_bCf 2011
082 0 0 _a468
_222
100 1 _aBridwell, Norman.
245 1 0 _aClifford and the big parade /
_cNorman Bridwell.
260 _aNew York :
_bScholastic,
_c2011.
300 _a32 unnumbered pages :
_bcolor illustrations ;
_c23 cm.
490 0 _aScholastic Reader. Level 1
505 _aM
520 _aClifford's town celebrates its centennial, with lots of help from the big red dog.
521 8 _a550
_bLexile
521 8 _aM
_bRaz_Plus
650 1 _aDogs
_vFiction.
650 1 _aCity and town life
_vFiction.
906 _a7
_bcbc
_corignew
_d1
_eecip
_f20
_gy-gencatlg
942 _2ddc
_cBK
_n0
999 _c3996
_d3996